[Event "Ulan Bator Mongolia Fed"]
[Site "Ulan Bator"]
[Date "2024.03.24"]
[Round "7"]
[White "Iderjavkhlan, Tumursukh"]
[Black "Tenuunbold, Battulga"]
[Result "1/2-1/2"]
[WhiteElo "1905"]
[BlackElo "2091"]
[PlyCount "82"]
[EventDate "2024.03.21"]
[EventType "swiss"]
[EventRounds "7"]
[EventCountry "MGL"]
[SourceTitle "CB13_2024"]
[SourceDate "2024.03.27"]
[SourceVersion "1"]
[SourceVersionDate "2024.03.27"]
[SourceQuality "1"]

1. d4 d5 2. Bf4 Nf6 3. e3 c5 4. dxc5 e6 5. b4 a5 6. c3 Bd7 7. Nd2 axb4 8. cxb4 b6 9. cxb6 Bxb4 10. Bc7 Qe7 11. b7 Ra3 12. Bxb8 Ba4 13. Qb1 Qxb7 14. Be5 Ne4 15. Ngf3 f6 16. Bb2 Nxd2 17. Nxd2 Bxd2+ 18. Kxd2 Qb4+ 19. Ke2 Rd3 20. Bd4 Rxd4 21. exd4 Qxd4 22. Qb8+ Kf7 23. Qc7+ Kg6 24. Qg3+ Kf7 25. Qc7+ Kg6 26. Rc1 Bb5+ 27. Ke1 Qe4+ 28. Kd2 Qd4+ 29. Ke1 Qe4+ 30. Kd2 Qd4+ 31. Kc2 Ra8 32. Kb1 Qb4+ 33. Ka1 Rxa2+ 34. Kxa2 Qa4+ 35. Kb2 Qb4+ 36. Kc2 Ba4+ 37. Kd3 Bb5+ 38. Kc2 Ba4+ 39. Kd3 Bb5+ 40. Kc2 Ba4+ 41. Kd3 Bb5+ 1/2-1/2

[Event "World Amateur-ch U2300"]
[Site "Muscat"]
[Date "2023.11.02"]
[Round "1"]
[White "Mahindrakar, Indrajeet"]
[Black "Tenuunbold, Battulga"]
[Result "1-0"]
[WhiteElo "2000"]
[BlackElo "2290"]
[PlyCount "67"]
[EventDate "2023.11.02"]
[EventType "swiss"]
[EventRounds "9"]
[EventCountry "OMN"]
[SourceTitle "CB46_2023"]
[SourceDate "2023.11.15"]
[SourceVersion "1"]
[SourceVersionDate "2023.11.15"]
[SourceQuality "1"]

1. e4 c5 2. d4 cxd4 3. c3 Nf6 4. e5 Nd5 5. Qxd4 e6 6. Nf3 Nc6 7. Qe4 f5 8. Qe2 b6 9. g3 Qc7 10. Bg2 a5 11. 0-0 Ba6 12. c4 Bc5 13. b3 0-0 14. Bb2 Rab8 15. Rd1 Nde7 16. Nc3 Ng6 17. Rac1 Bb7 18. Nb5 Qd8 19. Rc3 Qe7 20. Rcd3 Rbd8 21. Nd6 Ba8 22. a3 f4 23. R1d2 fxg3 24. hxg3 h5 25. Ne4 Bxa3 26. Bxa3 Qxa3 27. Nfg5 Ncxe5 28. Qxh5 Rf5 29. Qh7+ Kf8 30. Nxe6+ Ke7 31. Nxg7 Rf7 32. Nf5+ Kf8 33. Qh6+ Kg8 34. Nf6+ 1-0

[Event "Pozarevac Rudar 15th"]
[Site "Pozarevac"]
[Date "2023.08.06"]
[Round "5"]
[White "Tenuunbold, Battulga"]
[Black "Spasic, Petar"]
[Result "1/2-1/2"]
[WhiteElo "2203"]
[BlackElo "2317"]
[PlyCount "119"]
[EventDate "2023.08.03"]
[EventType "tourn"]
[EventRounds "9"]
[EventCountry "SRB"]
[EventCategory "1"]
[SourceTitle "CBM 215 Extra"]
[Source "ChessBase"]
[SourceDate "2023.09.30"]
[SourceVersion "1"]
[SourceVersionDate "2023.09.30"]
[SourceQuality "1"]

1. d4 Nf6 2. c4 g6 3. Nc3 Bg7 4. e4 d6 5. Be2 Nbd7 6. Nf3 e5 7. 0-0 0-0 8. Re1 Qe7 9. Bg5 h6 10. Be3 Ng4 11. Bc1 c6 12. h3 Ngf6 13. Be3 exd4 14. Bxd4 Nc5 15. Bf1 Ne6 16. Nd5 cxd5 17. exd5 Qd8 18. dxe6 Bxe6 19. Qb3 b6 20. Rad1 Rc8 21. Qa4 Qc7 22. b3 Rfd8 23. Qa3 d5 24. Be5 Qc5 25. Qxc5 bxc5 26. cxd5 Bxd5 27. Nd2 Nd7 28. Bxg7 Kxg7 29. Ba6 Rb8 30. Ne4 Bxe4 31. Rxe4 Nf6 32. Rxd8 Rxd8 33. Rc4 Rd6 34. Bb7 Rb6 35. Bf3 Nd7 36. Ra4 a6 37. Ra5 Kf6 38. Bg4 Ne5 39. Rxc5 Rc6 40. Ra5 Nxg4 41. hxg4 Ke7 42. Kf1 Kd6 43. Ke2 Kc7 44. Kd2 Rd6+ 45. Kc3 Rc6+ 46. Kb4 Kb6 47. Rd5 Rc2 48. Rd6+ Kc7 49. Rf6 Rxa2 50. Rxf7+ Kc6 51. Rf6+ Kd5 52. f4 a5+ 53. Kb5 Ra3 54. Rxg6 Rxb3+ 55. Kxa5 Rg3 56. f5 Rxg2 57. Kb6 Ke5 58. Kc6 h5 59. Re6+ Kf4 60. gxh5 1/2-1/2

[Event "Paracin op 16th"]
[Site "Paracin"]
[Date "2023.07.12"]
[Round "6"]
[White "Tregubenko, Nikolay"]
[Black "Tenuunbold, Battulga"]
[Result "1/2-1/2"]
[WhiteElo "2130"]
[BlackElo "2002"]
[PlyCount "55"]
[EventDate "2023.07.07"]
[EventType "swiss"]
[EventRounds "9"]
[EventCountry "SRB"]
[SourceTitle "EXT 2024"]
[Source "ChessBase"]
[SourceDate "2023.10.10"]
[SourceVersion "1"]
[SourceVersionDate "2023.10.10"]
[SourceQuality "1"]

1. e4 c5 2. Nf3 Nc6 3. Bb5 d6 4. 0-0 Bd7 5. Re1 Nf6 6. Nc3 e6 7. d4 cxd4 8. Nxd4 Be7 9. f4 0-0 10. Be3 Nxd4 11. Bxd4 Bxb5 12. Nxb5 e5 13. fxe5 dxe5 14. Bxe5 Qb6+ 15. Nd4 Rad8 16. Kh1 Qc5 17. Bxf6 Bxf6 18. c3 Bxd4 19. cxd4 Rxd4 20. Qb3 Qc6 21. Qe3 Rfd8 22. Rac1 Qe6 23. h3 h6 24. Rc7 Qb6 25. Qf4 R4d7 26. Rxd7 Rxd7 27. Qe5 Qd8 28. Qb5 1/2-1/2

[Event "World ol U16"]
[Site "Nakhchivan"]
[Date "2022.10.07"]
[Round "6.4"]
[White "Pranesh, M."]
[Black "Tenuunbold, Battulga"]
[Result "1-0"]
[WhiteElo "2437"]
[BlackElo "2178"]
[PlyCount "93"]
[EventDate "2022.10.02"]
[EventType "team-swiss"]
[EventRounds "9"]
[EventCountry "AZE"]
[SourceTitle "CBM 210 Extra"]
[Source "ChessBase"]
[SourceDate "2022.11.30"]
[SourceVersion "1"]
[SourceVersionDate "2022.11.30"]
[SourceQuality "1"]
[WhiteTeam "India"]
[BlackTeam "Mongolia"]
[WhiteTeamCountry "IND"]
[BlackTeamCountry "MGL"]

1. e4 c5 2. Nf3 Nc6 3. d4 cxd4 4. Nxd4 Nf6 5. Nc3 e5 6. Ndb5 d6 7. Nd5 Nxd5 8. exd5 Nb8 9. c4 Be7 10. Bd3 0-0 11. 0-0 a6 12. Nc3 f5 13. f3 Bg5 14. Qc2 Qf6 15. Kh1 Nd7 16. b4 Bxc1 17. Raxc1 Qg5 18. a3 e4 19. fxe4 f4 20. Ne2 Ne5 21. Qd2 Bg4 22. Nd4 Qh4 23. Be2 Bd7 24. c5 Rae8 25. c6 bxc6 26. dxc6 Bc8 27. c7 Ng4 28. Bxg4 Qxg4 29. Nf5 Bxf5 30. Rxf4 Qg5 31. exf5 Qe7 32. Qd5+ Kh8 33. h3 Rc8 34. Rfc4 h6 35. Rc6 Qg5 36. Qxd6 Rxf5 37. R6c5 Qe3 38. Qxa6 Rff8 39. R5c2 Kh7 40. Rc3 Qe5 41. Qd3+ Kh8 42. b5 Rf2 43. b6 Qg5 44. Qg3 Qxg3 45. Rxg3 Rb2 46. Rd3 Rxb6 47. Rd8+ 1-0

[Event "World ol U16"]
[Site "Nakhchivan"]
[Date "2022.10.02"]
[Round "1.13"]
[White "Isfandiyarli, Kamal"]
[Black "Tenuunbold, Battulga"]
[Result "0-1"]
[WhiteElo "1585"]
[BlackElo "2178"]
[PlyCount "74"]
[EventDate "2022.10.02"]
[EventType "team-swiss"]
[EventRounds "9"]
[EventCountry "AZE"]
[SourceTitle "CBM 210 Extra"]
[Source "ChessBase"]
[SourceDate "2022.11.30"]
[SourceVersion "1"]
[SourceVersionDate "2022.11.30"]
[SourceQuality "1"]
[WhiteTeam "Azerbaijan Sumgayit"]
[BlackTeam "Mongolia"]
[WhiteTeamCountry "AZE"]
[BlackTeamCountry "MGL"]

1. d4 d5 2. c4 c6 3. Nf3 Nf6 4. e3 Bf5 5. Bd3 Bg6 6. Qc2 e6 7. Nbd2 Nbd7 8. 0-0 Be7 9. b3 0-0 10. Bxg6 hxg6 11. Qd3 Rc8 12. Bb2 c5 13. Rfd1 Qb6 14. cxd5 exd5 15. dxc5 Nxc5 16. Qd4 Nce4 17. Qxb6 axb6 18. Nd4 Bb4 19. Nb1 Ng4 20. f3 Nxe3 21. Rd3 Nc2 22. Nxc2 Rxc2 23. fxe4 dxe4 24. Rd4 Bc5 25. b4 Bxd4+ 26. Bxd4 Rc1+ 27. Kf2 Rd8 28. Ke3 Re1+ 29. Kf2 Rxb1 30. Rxb1 Rxd4 31. Ke3 Rc4 32. a3 f5 33. Rd1 g5 34. Rd6 f4+ 35. Kd2 g4 36. Rxb6 Rd4+ 37. Ke1 e3 0-1

[Event "Wch U14"]
[Site "Mamaia"]
[Date "2022.09.13"]
[Round "8"]
[White "Tenuunbold, Battulga"]
[Black "Ilamparthi, AR."]
[Result "0-1"]
[WhiteElo "2178"]
[BlackElo "2269"]
[PlyCount "58"]
[EventDate "2022.09.06"]
[EventType "swiss"]
[EventRounds "11"]
[EventCountry "ROU"]
[SourceTitle "CBM 210 Extra"]
[Source "ChessBase"]
[SourceDate "2022.11.30"]
[SourceVersion "1"]
[SourceVersionDate "2022.11.30"]
[SourceQuality "1"]

1. d4 Nf6 2. c4 g6 3. Nc3 Bg7 4. e4 d6 5. Nf3 0-0 6. Be2 e5 7. 0-0 Bg4 8. Be3 Bxf3 9. Bxf3 exd4 10. Bxd4 Nc6 11. Be3 Re8 12. Re1 Nd7 13. Qd2 Nc5 14. Bh6 Bxh6 15. Qxh6 Nd4 16. Bd1 c6 17. Qd2 Nce6 18. Bg4 f5 19. exf5 gxf5 20. Bh5 Rf8 21. Ne2 c5 22. Nc3 Qh4 23. Qh6 Kh8 24. Nd5 f4 25. Rad1 f3 26. Rxd4 Nxd4 27. Re7 Ne2+ 28. Kf1 fxg2+ 29. Kxe2 Rxf2+ 0-1

[Event "Wch U14"]
[Site "Mamaia"]
[Date "2022.09.12"]
[Round "7"]
[White "Tenuunbold, Battulga"]
[Black "Poupalos, Nikolaos"]
[Result "1-0"]
[WhiteElo "2178"]
[BlackElo "2004"]
[PlyCount "63"]
[EventDate "2022.09.06"]
[EventType "swiss"]
[EventRounds "11"]
[EventCountry "ROU"]
[SourceTitle "CBM 210 Extra"]
[Source "ChessBase"]
[SourceDate "2022.11.30"]
[SourceVersion "1"]
[SourceVersionDate "2022.11.30"]
[SourceQuality "1"]

1. d4 Nf6 2. c4 e6 3. g3 d5 4. Nf3 h6 5. Bg2 Bd6 6. 0-0 0-0 7. b3 b6 8. Nc3 Bb7 9. Bb2 Ne4 10. Nd2 f5 11. Ndxe4 dxe4 12. e3 Nd7 13. f3 exf3 14. Bxf3 Bxf3 15. Qxf3 Nf6 16. Rad1 Bb4 17. Nb1 Ne4 18. a3 Bd6 19. Nd2 Nxd2 20. Rxd2 Qe7 21. b4 c5 22. dxc5 bxc5 23. Rfd1 Rad8 24. Qc6 Qc7 25. b5 Bxg3 26. Rxd8 Rxd8 27. Qxe6+ Kh7 28. Rxd8 Bxh2+ 29. Kh1 Qxd8 30. Qxf5+ Kh8 31. Qg4 Qc7 32. Qxg7+ 1-0

[Event "Wch U14"]
[Site "Mamaia"]
[Date "2022.09.10"]
[Round "5"]
[White "Tenuunbold, Battulga"]
[Black "Karsten, Jan"]
[Result "1-0"]
[WhiteElo "2178"]
[BlackElo "1921"]
[PlyCount "79"]
[EventDate "2022.09.06"]
[EventType "swiss"]
[EventRounds "11"]
[EventCountry "ROU"]
[SourceTitle "CBM 210 Extra"]
[Source "ChessBase"]
[SourceDate "2022.11.30"]
[SourceVersion "1"]
[SourceVersionDate "2022.11.30"]
[SourceQuality "1"]

1. d4 d5 2. c4 c6 3. Nf3 Nf6 4. Qc2 dxc4 5. Qxc4 Bf5 6. g3 e6 7. Bg2 Be7 8. 0-0 0-0 9. e3 Nbd7 10. Rd1 Rc8 11. Qe2 h6 12. Nc3 Ne4 13. Nd2 Nxc3 14. bxc3 Bc2 15. Re1 Bg6 16. Bb2 Qb6 17. Nc4 Qa6 18. e4 Nb6 19. Ne5 Qxe2 20. Rxe2 Bh5 21. g4 f6 22. gxh5 fxe5 23. Bh3 Rcd8 24. Bxe6+ Kh8 25. dxe5 Na4 26. Rb1 Rf3 27. Kg2 Rfd3 28. Bc4 R3d7 29. e6 Rc7 30. Bb3 Nxb2 31. Rbxb2 Kg8 32. Rbd2 Rxd2 33. Rxd2 Kf8 34. f4 Bc5 35. Rd8+ Ke7 36. Rg8 Kd6 37. e5+ Ke7 38. Rxg7+ Kd8 39. Rg8+ Ke7 40. f5 1-0

[Event "Paracin op-A 15th"]
[Site "Paracin"]
[Date "2022.07.11"]
[Round "4"]
[White "Ohanyan, Emin"]
[Black "Tenuunbold, Battulga"]
[Result "1-0"]
[WhiteElo "2354"]
[BlackElo "1893"]
[PlyCount "75"]
[EventDate "2022.07.08"]
[EventType "swiss"]
[EventRounds "9"]
[EventCountry "SRB"]
[SourceTitle "CBM 209 Extra"]
[Source "ChessBase"]
[SourceDate "2022.09.30"]
[SourceVersion "1"]
[SourceVersionDate "2022.09.30"]
[SourceQuality "1"]

1. d4 d5 2. c4 c6 3. Nf3 Nf6 4. Nc3 e6 5. Bg5 h6 6. Bxf6 Qxf6 7. e3 Nd7 8. Be2 Bd6 9. e4 dxe4 10. Nxe4 Bb4+ 11. Kf1 Qf4 12. Qc2 Nf6 13. Nxf6+ Qxf6 14. c5 Ba5 15. Qe4 0-0 16. Bd3 g6 17. Ne5 Rd8 18. h4 Bc7 19. Rh3 Qg7 20. Rf3 Bxe5 21. dxe5 Bd7 22. h5 Be8 23. hxg6 fxg6 24. Bc4 Qe7 25. Rf6 Kg7 26. b4 Rd2 27. Rxe6 Qg5 28. Rd6 Rd8 29. Re1 Bf7 30. Bxf7 Kxf7 31. b5 Kg7 32. bxc6 bxc6 33. Qxc6 Rf8 34. Qd7+ Rf7 35. Rxd2 Rxd7 36. Rxd7+ Kf8 37. e6 Ke8 38. e7 1-0

[Event "Eastern Asia-ch U12"]
[Site "Tornelo INT"]
[Date "2021.10.30"]
[Round "4"]
[White "Biglarifard, Maziyar"]
[Black "Tenuunbold, Battulga"]
[Result "0-1"]
[WhiteElo "1122"]
[BlackElo "1398"]
[PlyCount "40"]
[EventDate "2021.10.29"]
[EventType "swiss"]
[EventRounds "9"]
[EventCountry "NET"]
[SourceTitle "EXT 2023"]
[Source "ChessBase"]
[SourceDate "2022.10.05"]
[SourceVersion "1"]
[SourceVersionDate "2022.10.05"]
[SourceQuality "1"]

1. d4 d5 2. Nc3 Nf6 3. Nf3 Bf5 4. Bf4 c6 5. e3 e6 6. Bd3 Nbd7 7. Bxf5 exf5 8. 0-0 Be7 9. Ne5 0-0 10. Qf3 Ne4 11. Nxe4 fxe4 12. Qe2 Nxe5 13. Bxe5 Bd6 14. Bxd6 Qxd6 15. f3 Rae8 16. fxe4 Rxe4 17. Rf3 Rfe8 18. Rh3 h6 19. Rf1 Qe7 20. Rff3 Rxd4 0-1

[Event "Nizami Ganjavi 880 years U17"]
[Site "Tornelo INT"]
[Date "2021.04.04"]
[Round "8.3"]
[White "Azadaliyev, Jahandar"]
[Black "Tenuunbold, Battulga"]
[Result "1-0"]
[WhiteElo "1883"]
[BlackElo "1753"]
[PlyCount "99"]
[EventDate "2021.04.02"]
[EventType "team-swiss (blitz)"]
[EventRounds "9"]
[EventCountry "AZE"]
[SourceTitle "EXT 2023"]
[Source "ChessBase"]
[SourceDate "2022.10.05"]
[SourceVersion "1"]
[SourceVersionDate "2022.10.05"]
[SourceQuality "1"]
[WhiteTeam "Azerbaijan"]
[BlackTeam "Mongolia"]
[WhiteTeamCountry "AZE"]
[BlackTeamCountry "MGL"]

1. d4 d5 2. c4 c6 3. e3 Nf6 4. Nf3 Bf5 5. Nc3 e6 6. Bd3 Bxd3 7. Qxd3 Nbd7 8. 0-0 Be7 9. b3 0-0 10. Bb2 Qc7 11. Rad1 Rad8 12. e4 dxe4 13. Nxe4 Nxe4 14. Qxe4 Bf6 15. Rd2 Rfe8 16. Rfd1 c5 17. Qe2 cxd4 18. Nxd4 a6 19. Bc3 Ne5 20. f4 Ng6 21. g3 e5 22. fxe5 Bxe5 23. Qg2 h5 24. Qf3 h4 25. Nf5 Rxd2 26. Rxd2 hxg3 27. hxg3 Qc5+ 28. Rf2 Bxc3 29. Qxc3 Re5 30. g4 Ne7 31. Nxe7+ Qxe7 32. Qg3 Re3 33. Qb8+ Qe8 34. Qxe8+ Rxe8 35. Kg2 f6 36. Rd2 Re7 37. Kf3 Kf7 38. Rd6 Re1 39. Rd7+ Re7 40. Rxe7+ Kxe7 41. Ke4 Ke6 42. b4 g6 43. a3 Kd6 44. Kf4 b6 45. Ke4 Ke6 46. Kd4 f5 47. gxf5+ Kxf5 48. Kd5 g5 49. c5 bxc5 50. bxc5 1-0

[Event "Nizami Ganjavi 880 years U17"]
[Site "Tornelo INT"]
[Date "2021.04.03"]
[Round "5.2"]
[White "Celik, Hasan Huseyin"]
[Black "Tenuunbold, Battulga"]
[Result "0-1"]
[WhiteElo "2352"]
[BlackElo "1753"]
[PlyCount "52"]
[EventDate "2021.04.02"]
[EventType "team-swiss (blitz)"]
[EventRounds "9"]
[EventCountry "AZE"]
[SourceTitle "EXT 2023"]
[Source "ChessBase"]
[SourceDate "2022.10.05"]
[SourceVersion "1"]
[SourceVersionDate "2022.10.05"]
[SourceQuality "1"]
[WhiteTeam "Turkey"]
[BlackTeam "Mongolia"]
[WhiteTeamCountry "TUR"]
[BlackTeamCountry "MGL"]

1. d4 d5 2. c4 c6 3. Nf3 Nf6 4. Nc3 e6 5. e3 Nbd7 6. Qc2 Bd6 7. b3 0-0 8. Bb2 b6 9. Bd3 Bb7 10. 0-0 c5 11. cxd5 exd5 12. Rad1 Rc8 13. dxc5 Nxc5 14. Qb1 Nxd3 15. Qxd3 Qe7 16. Nd4 Qe5 17. f4 Qh5 18. Nf5 Bb4 19. a3 Bxc3 20. Bxc3 d4 21. Bxd4 Be4 22. Ne7+ Kh8 23. Qd2 Rc2 24. Qxc2 Bxc2 25. Rc1 Be4 26. Rf2 Ng4 0-1